| 000 | 01679cam a2200517 i 4500 | ||
|---|---|---|---|
| 001 | 55402 | ||
| 003 | KOSZ 005 | ||
| 005 | 20210923082843.0 | ||
| 008 | 070608s2006 pl a |001 0 pol | ||
| 015 | _aPB 2008/10252 | ||
| 020 | _a8392431103 | ||
| 020 | _a9788392431107 | ||
| 040 |
_aWA N _cWA N _dKOSZ 005/RW _dKOSZ 005/HR |
||
| 041 | 0 |
_apol _beng |
|
| 046 | _k2006 | ||
| 080 | _a94(438).03 | ||
| 080 | _a7.03"14/15" | ||
| 080 | _a316.74"14/15" | ||
| 080 | _a32.019.5"14/15" | ||
| 100 | 1 |
_aMorka, Mieczysław _eAutor |
|
| 245 | 1 | 0 |
_aSztuka dworu Zygmunta I Starego : _btreści polityczne i propagandowe / _cMieczysław Morka. |
| 260 |
_aWarszawa : _bArgraf, _c2006. |
||
| 300 |
_a[2], 674 s. : _bil. (w tym kolor.), err. ; _c25 cm. |
||
| 336 |
_2rdacontent _aTekst _btxt |
||
| 337 |
_2rdamedia _aBez urządzeniapośredniczącego _bn |
||
| 338 |
_2rdacarrier _3Wolumin _anc |
||
| 380 | _aKsiążki | ||
| 388 | _a2001- | ||
| 500 | _aW aneksach teksty tł. z łac. | ||
| 504 | _aBibliogr. s. 582-625. Indeks. | ||
| 546 | _aStreszcz. ang. | ||
| 600 | 0 | 4 |
_aZygmunt _bI Stary _c(król Polski ; _d1467-1548) |
| 600 | 3 | 4 |
_aJagiellonowie _c(dynastia) |
| 648 | 4 | _a1401-1500 | |
| 648 | 4 | _a1501-1600 | |
| 650 | 4 | _aPropaganda | |
| 650 | 4 | _aPolityka | |
| 650 | 4 | _aSztuka | |
| 650 | 4 | _aTematy i motywy | |
| 650 | 4 | _aHistoria sztuki | |
| 650 | 7 | _aZamek Królewski na Wawelu (Kraków) | |
| 655 | 7 | _aSztuka polska | |
| 658 | _aKultura i sztuka | ||
| 856 |
_uhttp://koha.tu.koszalin.pl/cgi-bin/koha/opac-detail.pl?biblionumber=55402 _yKatalog online BPK |
||
| 942 |
_2UKD _cKS |
||
| 999 |
_c55402 _d55402 |
||